| 000 | 00000nam 2200000zi 4500 |
| 001 | 9.892266 |
| 003 | CaOODSP |
| 005 | 20231122094515 |
| 006 | m o d f |
| 007 | cr ||||||||||| |
| 008 | 190528e199402##oncbd ob f000 0 eng d |
| 040 | |aCaOODSP|beng|erda|cCaOODSP |
| 043 | |an-cn---|an-mx--- |
| 086 | |aE74-98/1994E-PDF |
| 245 | 00|aCanada-Mexico industry profile : |bopportunities in Mexico : the construction services sector. |
| 246 | 14|aOpportunities in Mexico : |bthe construction services market |
| 264 | 1|a[Ottawa] : |bDept. of Foreign Affairs and International Trade, Latin America & Caribbean Trade Division, |cFebruary 1994. |
| 264 | 4|c©1994 |
| 300 | |a1 online resource (60 pages) : |bmaps, graphs |
| 336 | |atext|btxt|2rdacontent |
| 337 | |acomputer|bc|2rdamedia |
| 338 | |aonline resource|bcr|2rdacarrier |
| 500 | |aDigitized edition from print [produced by Innovation, Science and Economic Development Canada]. |
| 500 | |aIssued also in French under title: Canada-Mexique : profil sectoriel : les possibiliteĢs du secteur mexicain des services de construction. |
| 504 | |aIncludes bibliographical references (page 48). |
| 650 | 0|aConstruction industry|zCanada. |
| 650 | 0|aConstruction industry|zMexico. |
| 710 | 1 |aCanada. |bDepartment of Foreign Affairs and International Trade, |eissuing body. |
| 775 | 08|tCanada-Mexique : |w(CaOODSP)9.922080 |
| 856 | 40|qPDF|s2.78 MB|uhttps://publications.gc.ca/collections/collection_2023/isde-ised/E74-98-1994-eng.pdf |